000 00585nam a2200217Ia 4500
003 OSt
005 20220928144744.0
006 a|||||r|||| 00| 0
007 ta
008 220927b |||||||| |||| 00| 0 eng d
024 _a73599
037 _cTextual
040 _aSDCL
_cSDCL
_beng
041 _2eng
_aeng
082 _aY9(W):37, L5
100 _aChaffee Steven H Ed.
_9509533
245 0 _aPolitical communications
_b Issues and strategies for research.
260 _c1975
942 _hY9(W):37, L5
_cTEXL
_2CC
999 _c829498
_d829498